[Event "BUL-chT-A 60th"]
[Site "Albena"]
[Date "2010.05.29"]
[Round "3.2"]
[White "Dichev, Nedelcho"]
[Black "Andonov, Bogomil"]
[Result "1/2-1/2"]
[WhiteElo "2175"]
[BlackElo "2309"]
[PlyCount "112"]
[EventDate "2010.05.27"]
[EventType "team-tourn"]
[EventRounds "7"]
[EventCountry "BUL"]
[SourceTitle "CBM 136 Extra"]
[Source "ChessBase"]
[SourceDate "2010.07.02"]
[SourceVersion "2"]
[SourceVersionDate "2010.07.15"]
[SourceQuality "1"]
[WhiteTeam "Lukoil Neftohimik"]
[BlackTeam "Sofia Lokomotiv"]
[WhiteTeamCountry "BUL"]
[BlackTeamCountry "BUL"]

1. c4 e5 2. Nc3 d6 3. g3 f5 4. Bg2 Nf6 5. d3 Nc6 6. e4 Be7 7. Nge2 0-0 8. 0-0 fxe4 9. dxe4 Bg4 10. f3 Be6 11. Nd5 Qd7 12. Be3 Rae8 13. Qd2 Bd8 14. Rad1 Ne7 15. b3 Nexd5 16. cxd5 Bh3 17. a4 Bxg2 18. Kxg2 a6 19. Qb4 Qc8 20. Rc1 Rf7 21. Qxd6 Nxe4 22. Qb4 Nf6 23. Nc3 Qa8 24. Qc4 Kh8 25. Ne4 Rd7 26. Rfd1 Nxd5 27. Rxd5 b5 28. Rxb5 axb5 29. Qxb5 Qd5 30. Qxd5 Rxd5 31. b4 Be7 32. b5 Bd8 33. Rc6 Rd3 34. Kf2 Ra3 35. Ra6 Be7 36. Rc6 Ra2+ 37. Bd2 Bb4 38. Ke3 Bxd2+ 39. Nxd2 Ra3+ 40. Ke4 Rxa4+ 41. Nc4 Rb4 42. Rc5 Rb8 43. Rxc7 R4xb5 44. Nxe5 Rb2 45. h4 Re2+ 46. Kf4 Kg8 47. Nc6 Rf8+ 48. Kg4 h6 49. f4 Re3 50. h5 Ra8 51. Ne7+ Kh8 52. Nf5 Ree8 53. Rxg7 Rg8 54. Rg6 Kh7 55. Nh4 Ra5 56. Rxg8 Kxg8 1/2-1/2

[Event "San Sebastian op 33rd"]
[Site "San Sebastian"]
[Date "2010.04.04"]
[Round "9"]
[White "Andonov, Bogomil"]
[Black "Spraggett, Kevin"]
[Result "0-1"]
[WhiteElo "2304"]
[BlackElo "2580"]
[PlyCount "74"]
[EventDate "2010.03.28"]
[EventType "swiss"]
[EventRounds "9"]
[EventCountry "ESP"]
[SourceTitle "CBM 135 Extra"]
[Source "ChessBase"]
[SourceDate "2010.05.04"]
[SourceVersion "1"]
[SourceVersionDate "2010.05.04"]
[SourceQuality "1"]

1. Nf3 Nf6 2. c4 g6 3. Nc3 Bg7 4. e4 d6 5. d4 0-0 6. h3 c6 7. Be3 Na6 8. g3 e5 9. Bg2 exd4 10. Nxd4 Re8 11. Nde2 Qe7 12. g4 Nc5 13. Ng3 Nfd7 14. Rc1 Ne5 15. Bf1 a5 16. f4 Ned7 17. Bg2 Nb6 18. b3 a4 19. 0-0 axb3 20. axb3 Ra3 21. Nge2 Nbd7 22. Rb1 Nf6 23. Bxc5 dxc5 24. e5 Nd7 25. Qc1 Ra8 26. g5 h6 27. h4 hxg5 28. hxg5 Nxe5 29. fxe5 Bxe5 30. Ne4 Ra2 31. N2g3 Bd4+ 32. Nf2 Be3 33. Qd1 Rxf2 34. Rxf2 Bxf2+ 35. Kxf2 Qe3+ 36. Kf1 Qxg3 37. Qd2 Bf5 0-1

[Event "San Sebastian op 33rd"]
[Site "San Sebastian"]
[Date "2010.04.01"]
[Round "6"]
[White "Andonov, Bogomil"]
[Black "Llaneza Vega, Marcos"]
[Result "0-1"]
[WhiteElo "2304"]
[BlackElo "2514"]
[PlyCount "98"]
[EventDate "2010.03.28"]
[EventType "swiss"]
[EventRounds "9"]
[EventCountry "ESP"]
[SourceTitle "CBM 135 Extra"]
[Source "ChessBase"]
[SourceDate "2010.05.04"]
[SourceVersion "1"]
[SourceVersionDate "2010.05.04"]
[SourceQuality "1"]

1. d4 Nf6 2. Nf3 e6 3. g3 b6 4. Bg2 Bb7 5. c4 Bb4+ 6. Nbd2 0-0 7. 0-0 a5 8. Qc2 Bxd2 9. Bxd2 d6 10. b3 Nbd7 11. Bc3 Qe7 12. Rfe1 Be4 13. Qb2 Rfb8 14. a4 Re8 15. Bh3 h6 16. Nd2 Bb7 17. e4 e5 18. f3 Rad8 19. d5 Nc5 20. Re3 Bc8 21. Bxc8 Rxc8 22. b4 axb4 23. Bxb4 Nfd7 24. a5 bxa5 25. Bxa5 Rb8 26. Qc2 Rb7 27. Rb1 Reb8 28. Rxb7 Rxb7 29. Nb3 Qd8 30. Nxc5 Nxc5 31. Ra3 Qb8 32. Bc3 Rb1+ 33. Kg2 Kh7 34. Ra2 Rb7 35. Rb2 f6 36. Rxb7 Qxb7 37. Qb2 Qa6 38. Qe2 Qa3 39. Qc2 Nb3 40. f4 Nc5 41. fxe5 dxe5 42. Qf2 Nxe4 43. Qf5+ Kg8 44. Bxe5 Qa2+ 45. Kg1 Qb1+ 46. Kg2 Qc2+ 47. Kg1 Qd1+ 48. Kg2 Qe2+ 49. Kg1 Ng5 0-1

[Event "San Sebastian op 33rd"]
[Site "San Sebastian"]
[Date "2010.03.31"]
[Round "4"]
[White "Andonov, Bogomil"]
[Black "Tome Vazquez, Oscar"]
[Result "1-0"]
[WhiteElo "2304"]
[BlackElo "2015"]
[PlyCount "87"]
[EventDate "2010.03.28"]
[EventType "swiss"]
[EventRounds "9"]
[EventCountry "ESP"]
[SourceTitle "CBM 135 Extra"]
[Source "ChessBase"]
[SourceDate "2010.05.04"]
[SourceVersion "1"]
[SourceVersionDate "2010.05.04"]
[SourceQuality "1"]

1. c4 g6 2. d4 Bg7 3. Nf3 d6 4. e4 e5 5. d5 f5 6. Nc3 Ne7 7. exf5 gxf5 8. Ng5 0-0 9. Qh5 h6 10. Nh3 Qe8 11. Be2 Qxh5 12. Bxh5 a5 13. f4 Na6 14. Be3 b6 15. 0-0-0 e4 16. Bd4 Bxd4 17. Rxd4 Bd7 18. Nf2 Nc5 19. Be2 Kh8 20. Ncd1 Ng8 21. Ne3 Nf6 22. h3 Rae8 23. b3 Kh7 24. Kd2 Rg8 25. Nfd1 Re7 26. Rh2 Reg7 27. Nf2 Rg3 28. Nh1 R3g7 29. Nf2 Rg3 30. Nh1 R3g7 31. Ke1 Bc8 32. Kf2 Bd7 33. g3 Bc8 34. Rg2 Bd7 35. Kg1 Bc8 36. Kh2 Bd7 37. Nf2 h5 38. Rd1 Rg6 39. Rdg1 R8g7 40. Nc2 c6 41. dxc6 Bxc6 42. Nd4 Bd7 43. Nd1 Nd3 44. Ne3 1-0

[Event "San Sebastian op 33rd"]
[Site "San Sebastian"]
[Date "2010.03.29"]
[Round "2"]
[White "Moreno Romero, Ernesto"]
[Black "Andonov, Bogomil"]
[Result "0-1"]
[WhiteElo "1739"]
[BlackElo "2304"]
[PlyCount "69"]
[EventDate "2010.03.28"]
[EventType "swiss"]
[EventRounds "9"]
[EventCountry "ESP"]
[SourceTitle "CBM 135 Extra"]
[Source "ChessBase"]
[SourceDate "2010.05.04"]
[SourceVersion "1"]
[SourceVersionDate "2010.05.04"]
[SourceQuality "1"]

1. e4 c5 2. c3 d5 3. e5 Nc6 4. d4 Bf5 5. Nf3 e6 6. Bb5 Qb6 7. Bxc6+ bxc6 8. 0-0 Be4 9. dxc5 Bxc5 10. b4 Bf8 11. Be3 Qc7 12. Nbd2 Ne7 13. Bc5 Ng6 14. Bxf8 Nxf8 15. Qa4 Bxf3 16. Nxf3 Nd7 17. Rfe1 0-0 18. Qc2 h6 19. Re3 Rfb8 20. a3 c5 21. Rc1 a5 22. h3 cxb4 23. cxb4 Qxc2 24. Rxc2 axb4 25. axb4 Rxb4 26. Rc7 Rd8 27. Ra3 Rc4 28. Rxc4 dxc4 29. Rc3 Rc8 30. Kf1 Rc5 31. g3 g5 32. g4 Kg7 33. Kg2 Nb6 34. Nd2 Rxe5 35. Nxc4 0-1

[Event "Blagoevgrad Kirov Memorial 2nd"]
[Site "Blagoevgrad"]
[Date "2010.01.14"]
[Round "6"]
[White "Todorov, Ognjan"]
[Black "Andonov, Bogomil"]
[Result "1/2-1/2"]
[WhiteElo "2309"]
[BlackElo "2302"]
[PlyCount "27"]
[EventDate "2010.01.11"]
[EventType "swiss"]
[EventRounds "9"]
[EventCountry "BUL"]
[SourceTitle "CBM 134 Extra"]
[Source "ChessBase"]
[SourceDate "2010.03.03"]
[SourceVersion "1"]
[SourceVersionDate "2010.03.03"]
[SourceQuality "1"]

1. Nf3 Nf6 2. g3 g6 3. Bg2 Bg7 4. c4 c5 5. Nc3 Nc6 6. d3 d6 7. Qb3 Na5 8. Qc2 0-0 9. 0-0 Bg4 10. Bg5 Re8 11. h3 Be6 12. e3 Qc8 13. Kh2 Qd8 14. Kg1 1/2-1/2

[Event "Teteven op 24th"]
[Site "Teteven"]
[Date "2009.08.18"]
[Round "5"]
[White "Dobrev, Nanko"]
[Black "Andonov, Bogomil"]
[Result "1-0"]
[WhiteElo "2352"]
[BlackElo "2311"]
[PlyCount "129"]
[EventDate "2009.08.15"]
[EventType "swiss"]
[EventRounds "9"]
[EventCountry "BUL"]
[SourceTitle "CBM 131 Extra"]
[Source "ChessBase"]
[SourceDate "2009.09.03"]
[SourceVersion "2"]
[SourceVersionDate "2009.09.16"]
[SourceQuality "1"]

1. Nf3 c5 2. b3 d5 3. e3 Nf6 4. Bb2 g6 5. c4 Bg7 6. Be2 0-0 7. 0-0 Nc6 8. d4 cxd4 9. Nxd4 Nxd4 10. Bxd4 dxc4 11. Bxc4 Bd7 12. Nd2 Bc6 13. Nf3 a6 14. Ne5 Bd5 15. Be2 Rc8 16. Qd2 Qc7 17. Rac1 Qb8 18. Nd7 Nxd7 19. Bxg7 Kxg7 20. Qxd5 Nf6 21. Qa5 Rxc1 22. Rxc1 Rc8 23. Rd1 Qc7 24. Qd2 Qc2 25. g3 b5 26. Bf1 Qxd2 27. Rxd2 Rc1 28. Kg2 Ra1 29. Be2 e6 30. Bf3 a5 31. Rc2 b4 32. Bc6 Kf8 33. e4 Ke7 34. Kf3 e5 35. Bb5 Ne8 36. Rc8 Nd6 37. Ba4 Kf6 38. Rc5 Ke6 39. Rxa5 Rc1 40. Ra6 Ke7 41. Bc6 f5 42. exf5 gxf5 43. Bd5 Rc5 44. Ba8 Rc3+ 45. Kg2 Rc7 46. Ra4 Rc8 47. Bd5 Rc2 48. g4 fxg4 49. Rxb4 h5 50. a4 Rd2 51. Be4 Kf6 52. a5 Ra2 53. Ra4 Rxa4 54. bxa4 Nc8 55. Kf1 Kg5 56. Ke2 Kf4 57. Kd3 h4 58. Bc6 Na7 59. Bb7 h3 60. Ke2 e4 61. Ba8 Nc8 62. Bc6 Na7 63. Bb7 e3 64. fxe3+ Ke5 65. Kf2 1-0

[Event "Teteven op 24th"]
[Site "Teteven"]
[Date "2009.08.16"]
[Round "2"]
[White "Andonov, Bogomil"]
[Black "Vasilev, Veselin"]
[Result "1-0"]
[WhiteElo "2311"]
[BlackElo "2010"]
[PlyCount "105"]
[EventDate "2009.08.15"]
[EventType "swiss"]
[EventRounds "9"]
[EventCountry "BUL"]
[SourceTitle "CBM 131 Extra"]
[Source "ChessBase"]
[SourceDate "2009.09.03"]
[SourceVersion "2"]
[SourceVersionDate "2009.09.16"]
[SourceQuality "1"]

1. Nf3 d5 2. c4 e6 3. g3 Nf6 4. Bg2 Be7 5. d4 0-0 6. Qc2 c5 7. dxc5 Qa5+ 8. Qc3 Qxc5 9. cxd5 Nxd5 10. Qxc5 Bxc5 11. Bd2 Nc6 12. Nc3 Nxc3 13. Bxc3 Bd7 14. Rc1 Rfd8 15. 0-0 f6 16. a3 a5 17. e3 b6 18. Nd4 Rac8 19. Bxc6 Bxc6 20. Nxe6 Rd5 21. e4 Rh5 22. e5 fxe5 23. Nxc5 bxc5 24. Bxa5 Ba4 25. Rfe1 Rf5 26. Re2 Bb5 27. Rec2 e4 28. Bb4 c4 29. b3 Rd8 30. bxc4 Bc6 31. Bd2 h5 32. h4 Rdf8 33. Bb4 Re8 34. Re2 g5 35. hxg5 Rxg5 36. Bd6 h4 37. Rc3 Re6 38. c5 Rd5 39. Re1 e3 40. Rcxe3 Rxe3 41. fxe3 hxg3 42. Bxg3 Rxc5 43. Kf2 Rc3 44. Bd6 Kf7 45. Re2 Ke6 46. Bb4 Rc1 47. Rd2 Bb5 48. Rd6+ Ke5 49. Rb6 Rc2+ 50. Kf3 Bd7 51. Bd6+ Kd5 52. Bf4 Ra2 53. Rd6+ 1-0

[Event "Bosilegrad"]
[Site "Bosilegrad"]
[Date "2009.05.23"]
[Round "4"]
[White "Todorov, Ognjan"]
[Black "Andonov, Bogomil"]
[Result "1/2-1/2"]
[WhiteElo "2322"]
[BlackElo "2321"]
[PlyCount "44"]
[EventDate "2009.05.21"]
[EventType "tourn"]
[EventRounds "11"]
[EventCountry "YUG"]
[EventCategory "3"]
[SourceTitle "CBM 130 Extra"]
[Source "ChessBase"]
[SourceDate "2009.07.02"]
[SourceVersion "2"]
[SourceVersionDate "2009.07.15"]
[SourceQuality "1"]

1. e4 d5 2. exd5 Nf6 3. c4 c6 4. d4 cxd5 5. Nc3 Nc6 6. Bg5 dxc4 7. Bxc4 e6 8. Nf3 Be7 9. 0-0 0-0 10. Re1 b6 11. a3 Bb7 12. Qd3 Rc8 13. Rad1 h6 14. Bf4 Bd6 15. Ne5 Nh5 16. Nxc6 Bxc6 17. Bxd6 Qxd6 18. d5 Nf4 19. Qg3 exd5 20. Bxd5 Bxd5 21. Nxd5 Qxd5 22. Qxf4 Qb3 1/2-1/2

[Event "Bosilegrad"]
[Site "Bosilegrad"]
[Date "2009.05.21"]
[Round "1"]
[White "Andonov, Bogomil"]
[Black "Organdziev, Oliver"]
[Result "1/2-1/2"]
[WhiteElo "2321"]
[BlackElo "2312"]
[PlyCount "33"]
[EventDate "2009.05.21"]
[EventType "tourn"]
[EventRounds "11"]
[EventCountry "YUG"]
[EventCategory "3"]
[SourceTitle "CBM 130 Extra"]
[Source "ChessBase"]
[SourceDate "2009.07.02"]
[SourceVersion "2"]
[SourceVersionDate "2009.07.15"]
[SourceQuality "1"]

1. e4 e6 2. d4 d5 3. e5 c5 4. dxc5 Nd7 5. Nf3 Nxc5 6. c3 Ne7 7. Bf4 Ng6 8. Bg3 Bd7 9. h4 Qb6 10. Qc2 Rc8 11. h5 Ne7 12. Nbd2 Ba4 13. b3 Bb5 14. c4 dxc4 15. Nxc4 Bxc4 16. Bxc4 Nf5 17. Bf4 1/2-1/2

[Event "FRA-chT Top 16 GpB"]
[Site "France"]
[Date "2009.05.02"]
[Round "6"]
[White "Roos, Daniel"]
[Black "Andonov, Bogomil"]
[Result "1-0"]
[WhiteElo "2425"]
[BlackElo "2321"]
[PlyCount "79"]
[EventDate "2009.03.20"]
[EventType "team"]
[EventRounds "7"]
[EventCountry "FRA"]
[SourceTitle "CBM 129 Extra"]
[Source "ChessBase"]
[SourceDate "2009.05.05"]
[SourceVersion "2"]
[SourceVersionDate "2009.05.20"]
[SourceQuality "1"]

1. Nf3 d6 2. d4 Bg4 3. e4 e6 4. Bd3 c6 5. Nbd2 Nf6 6. c3 Bh5 7. Qe2 d5 8. e5 Nfd7 9. Nf1 c5 10. Ng3 Bg6 11. a3 Bxd3 12. Qxd3 cxd4 13. cxd4 Qa5+ 14. Bd2 Qa6 15. Qe3 Nc6 16. Ne2 Nb4 17. Bxb4 Bxb4+ 18. Kf1 Be7 19. g3 Rc8 20. Ne1 0-0 21. Kg2 Nb6 22. b3 Na8 23. h4 Nc7 24. Nf4 Nb5 25. a4 Rc3 26. Qd2 Rxb3 27. Qd1 Ra3 28. Rxa3 Nxa3 29. Nh5 Kh8 30. Qg4 Rg8 31. Nf3 Qxa4 32. Ng5 Qe8 33. Qf3 Rf8 34. Nf6 Bxf6 35. exf6 h6 36. Qd3 g6 37. Qxa3 Qd8 38. h5 Kg8 39. hxg6 Qxf6 40. Qxf8+ 1-0

[Event "Prague op-A 08th"]
[Site "Prague"]
[Date "2009.01.14"]
[Round "7"]
[White "Kjartansson, Gudmundur"]
[Black "Andonov, Bogomil"]
[Result "1-0"]
[WhiteElo "2365"]
[BlackElo "2316"]
[PlyCount "61"]
[EventDate "2009.01.09"]
[EventType "swiss"]
[EventRounds "9"]
[EventCountry "CZE"]
[SourceTitle "CBM 128 Extra"]
[Source "ChessBase"]
[SourceDate "2009.03.05"]
[SourceVersion "2"]
[SourceVersionDate "2009.03.25"]
[SourceQuality "1"]

1. c4 e5 2. Nc3 Nc6 3. Nf3 f5 4. d4 e4 5. Ng5 Be7 6. Nh3 Nf6 7. Bg5 h6 8. Bxf6 Bxf6 9. e3 Ne7 10. Nf4 g6 11. g4 0-0 12. gxf5 gxf5 13. Qh5 Kh7 14. Ncd5 Bg5 15. Rg1 Nxd5 16. Nxd5 c6 17. h4 cxd5 18. hxg5 Qa5+ 19. Kd1 Qb6 20. cxd5 Qg6 21. Qxg6+ Kxg6 22. gxh6+ Kf6 23. h7 Kf7 24. d6 Rh8 25. Bc4+ Kf6 26. Bg8 b6 27. Kd2 Bb7 28. Rg3 Rxh7 29. Bxh7 Bd5 30. Rag1 Bf7 31. Rg5 1-0

[Event "Litomysl op 10th"]
[Site "Litomysl"]
[Date "2008.12.30"]
[Round "6"]
[White "Andonov, Bogomil"]
[Black "Trhal, Tomas"]
[Result "1-0"]
[WhiteElo "2328"]
[BlackElo "2091"]
[PlyCount "73"]
[EventDate "2008.12.26"]
[EventType "swiss"]
[EventRounds "9"]
[EventCountry "CZE"]
[SourceTitle "CBM 128 Extra"]
[Source "ChessBase"]
[SourceDate "2009.03.05"]
[SourceVersion "2"]
[SourceVersionDate "2009.03.25"]
[SourceQuality "1"]

1. Nf3 Nf6 2. c4 c6 3. d4 d5 4. cxd5 cxd5 5. Nc3 Nc6 6. Bf4 Bf5 7. e3 a6 8. Rc1 e6 9. Be2 Bd6 10. Bxd6 Qxd6 11. 0-0 h6 12. Na4 0-0 13. Nc5 Rab8 14. Nd2 Rfc8 15. a3 e5 16. Ndb3 exd4 17. Nxd4 Nxd4 18. Qxd4 Ne4 19. Nb3 Nf6 20. Nc5 Ne4 21. Nxe4 Bxe4 22. f3 Bf5 23. e4 Be6 24. Bc4 Qf4 25. g3 Qc7 26. exd5 Bh3 27. d6 Qd7 28. Rfe1 Be6 29. Bxe6 fxe6 30. Qe5 Rxc1 31. Rxc1 Rc8 32. Rc7 Rxc7 33. dxc7 Kf7 34. Kg2 g5 35. Kh3 Kg6 36. Qc3 Qd1 37. Qc4 1-0

[Event "Belgrade Trophy 21st"]
[Site "Obrenovac"]
[Date "2008.12.05"]
[Round "9"]
[White "Savic, Miodrag R"]
[Black "Andonov, Bogomil"]
[Result "1-0"]
[WhiteElo "2522"]
[BlackElo "2328"]
[PlyCount "36"]
[EventDate "2008.11.27"]
[EventType "swiss"]
[EventRounds "9"]
[EventCountry "YUG"]
[SourceTitle "CBM 127 Extra"]
[Source "ChessBase"]
[SourceDate "2009.01.08"]
[SourceVersion "2"]
[SourceVersionDate "2009.01.28"]
[SourceQuality "1"]

1. e4 c5 2. c3 d5 3. exd5 Qxd5 4. Nf3 Nf6 5. Be2 e6 6. 0-0 Nc6 7. Na3 Be7 8. d4 cxd4 9. Nb5 Qd8 10. Nbxd4 Nxd4 11. Nxd4 0-0 12. Bf4 a6 13. Bf3 Nd5 14. Bg3 Re8 15. Qb3 Bf6 16. Rad1 Qa5 17. Rfe1 Rd8 18. Nc2 Nb6 1-0